Sanskriti ke parshn aur Ramvilas Sharma (Record no. 1234245)

MARC details
000 -LEADER
fixed length control field 00627nam a2200217Ia 4500
005 - DATE AND TIME OF LATEST TRANSACTION
control field 20241129120313.0
008 - FIXED-LENGTH DATA ELEMENTS--GENERAL INFORMATION
fixed length control field 241129s9999||||xx |||||||||||||| ||und||
020 ## - INTERNATIONAL STANDARD BOOK NUMBER
International Standard Book Number 9789355184900
037 ## - SOURCE OF ACQUISITION
Stock number TB
040 ## - CATALOGING SOURCE
Original cataloging agency SDCL
Language of cataloging eng
Transcribing agency SDCL
041 ## - LANGUAGE CODE
Language code of text/sound track or separate title hin
Source of code hin
084 ## - COLON CLASSIFICATION NUMBER
Classification number O152,6N122:g R2
Assigning agency SDCL
100 ## - MAIN ENTRY--PERSONAL NAME
Personal name Singh Vijay Bahadur Ed.; Tripathi Radhavallabh Ed.
9 (RLIN) 729617
245 #0 - TITLE STATEMENT
Title Sanskriti ke parshn aur Ramvilas Sharma
260 ## - PUBLICATION, DISTRIBUTION, ETC.
Place of publication, distribution, etc. New Delhi
Name of publisher, distributor, etc. Vani Prakashan India
Date of publication, distribution, etc. 2022
300 ## - PHYSICAL DESCRIPTION
Extent 352p.
365 ## - TRADE PRICE
Price type code INR
Price amount 750
650 ## - SUBJECT ADDED ENTRY--TOPICAL TERM
Topical term or geographic name entry element Hindi
942 ## - ADDED ENTRY ELEMENTS (KOHA)
Koha item type Textbook
Classification part O152,6N122:g R2
Holdings
Withdrawn status Lost status Damaged status Not for loan Home library Current library Date acquired Source of acquisition Cost, normal purchase price Total Checkouts Full call number Barcode Date last seen Price effective from Koha item type
        South Campus Library South Campus Library 2024-11-29 Vani Prakashan 750.00   O152,6N122:g R2 SC1808167 2024-11-29 2024-11-29 Textbook
Copyright @ Delhi University Library System